Sundainseln - Statistiken

Allgemein
  • Dieses Quiz wurde 6 mal gespielt
  • Das Durchschnittsergebnis liegt bei 14 aus 61
Antwortstatistiken
Hint Antwort % Korrekt
kleine Sundainsel Bali
83%
große Sundainsel Java
83%
große Sundainsel Sulawesi
83%
große Sundainsel Borneo
67%
kleine Sundainsel Flores
67%
kleine Sundainsel (Timor-Archipel) Timor
67%
kleine Sundainsel Lombok
50%
große Sundainsel Sumatra
50%
kleine Sundainsel Sumba
33%
kleine Sundainsel Sumbawa
33%
kleine Sundainsel (Solor-Archipel) Adonara
17%
kleine Sundainsel (Alor-Archipel) Alor
17%
kleine Sundainsel Atauro
17%
kleine Sundainsel (Alor-Archipel) Batang
17%
kleine Sundainsel (Timor-Archipel) Batu Bibi
17%
kleine Sundainsel (Timor-Archipel) Batuhun
17%
kleine Sundainsel (Timor-Archipel) Boti
17%
kleine Sundainsel (Alor-Archipel) Buaya
17%
kleine Sundainsel (Timor-Archipel) Doo
17%
kleine Sundainsel (Timor-Archipel) Fatu Sinai
17%
kleine Sundainsel (Timor-Archipel) Huana
17%
kleine Sundainsel (Timor-Archipel) Jaco
17%
kleine Sundainsel (Timor-Archipel) Kambang
17%
kleine Sundainsel (Alor-Archipel) Kambing
17%
kleine Sundainsel (Alor-Archipel) Kangge
17%
kleine Sundainsel (Alor-Archipel) Kepa
17%
kleine Sundainsel (Timor-Archipel) Kera
17%
kleine Sundainsel (Alor-Archipel) Kura
17%
kleine Sundainsel (Timor-Archipel) Lai
17%
kleine Sundainsel (Timor-Archipel) Landu
17%
kleine Sundainsel (Alor-Archipel) Lapang
17%
kleine Sundainsel (Solor-Archipel) Lembata
17%
kleine Sundainsel (Barat-Daya-Inseln) Liran
17%
kleine Sundainsel (Timor-Archipel) Liu
17%
kleine Sundainsel (Timor-Archipel) Manuk
17%
kleine Sundainsel (Sawuinseln) Ndana
17%
kleine Sundainsel (Timor-Archipel) Ndao
17%
kleine Sundainsel (Timor-Archipel) Ndoa
17%
kleine Sundainsel (Alor-Archipel) Nuba
17%
kleine Sundainsel (Timor-Archipel) Nusa Bibi
17%
kleine Sundainsel (Timor-Archipel) Nusa Kodi
17%
kleine Sundainsel (Timor-Archipel) Nusa Manupui
17%
kleine Sundainsel (Timor-Archipel) Nusa Nak
17%
kleine Sundainsel (Timor-Archipel) Nuse
17%
kleine Sundainsel (Timor-Archipel) Pamana
17%
kleine Sundainsel (Alor-Archipel) Pantar
17%
kleine Sundainsel (Alor-Archipel) Pura
17%
kleine Sundainsel (Sawuinseln) Raijua
17%
kleine Sundainsel (Timor-Archipel) Roti
17%
kleine Sundainsel (Alor-Archipel) Rusa
17%
kleine Sundainsel (Sawuinseln) Sawu
17%
kleine Sundainsel (Timor-Archipel) Semau
17%
kleine Sundainsel (Alor-Archipel) Sika
17%
kleine Sundainsel (Solor-Archipel) Solor
17%
kleine Sundainsel (Timor-Archipel) Tabui
17%
kleine Sundainsel (Alor-Archipel) Tereweng
17%
kleine Sundainsel (Alor-Archipel) Ternate
17%
kleine Sundainsel (Timor-Archipel) Tikus
17%
kleine Sundainsel (Timor-Archipel) Usu
17%
kleine Sundainsel (Timor-Archipel) Helihana
0%
kleine Sundainsel (Barat-Daya-Inseln) Wetar
0%
Keine übereinstimmenden Quizze gefunden
Verteilung der Resultate
Anzahl Personen mit jedem Resultat
Perzentil nach korrekt beantworteten Fragen
Ihre Resultats-Entwicklung
Sie haben dieses Quiz noch nicht gespielt